000 00576nam a2200193Ia 4500
005 20250508160913.0
008 008 250505s9999 xx 000 0 eng d
037 _aReference
040 _aFEDL
_beng
_cFEDL
041 _aeng
_2eng
084 _a001.42, FES
_qFEDL
100 _aFestinger Leon Ed.
245 0 _aResearch methods in the behavioral sciences
260 _aNew Delhi, India
_bAmerind Publishing Company Pvt. Ltd.
_c1953
300 _axi,660p.
700 _a Katz Daniel Ed.
_9769705
942 _cREF
_h001.42, FES
999 _c1367303
_d1367303